00704nam a2200205 i 450000100060000000300090000600500170001500700030003200800410003510000260007624500400010226000560014230000220019849000370022065100370025783000450029485200210033999900170036095201210037771546ES-MaACL20230906171148.0t|040812s1912 fr ||||1| fre d1 aGentil, Louis.95635413aLe Maroc physique / cLouis Gentil. a[S.l. : bs.n., c1912] (eEvreux : fCh. Herissey) a319 p. ; c19 cm.1 aNouvelle collection scientifique 4aMarruecos-xGeografía.91567070 aNouvelle collection scientifique9183891 aES-MaACLjD-4205 c71546d71546 00104070aATENEOMbATENEOMcSVId2008-01-17eSCl0oD-4205p901074903r2023-02-23 00:00:00w2023-02-23yMONOGRAFIA